Dans quel arrondissement parisien se trouve ce monument ? - Clic Quiz - Statistiques

Statistiques générales
  • Ce quiz a été pris 176 fois
  • Le résultat moyen est 15 sur 30
Statistiques - réponses
Hint Réponse % Correct
Bois de Boulogne 16ème
82%
Basilique du Sacré-Cœur 18ème
71%
Musée du Louvre 1er
66%
Le Panthéon 5ème
65%
Tour Eiffel 7ème
63%
La Sorbonne 5ème
61%
Entrée des Catacombes 14ème
60%
Bibliothèque François-Mitterrand 13ème
58%
Jardin du Luxembourg 6ème
57%
Cimetière du Père-Lachaise 20ème
57%
Palais de L'Élysée 8ème
56%
Gare de l'Est 10ème
56%
Parc André Citroën 15ème
56%
Hôtel des Invalides 7ème
55%
Bois de Vincennes 12ème
55%
Parc des Buttes-Chaumont 19ème
55%
Palais Royal 1er
54%
Place du Trocadéro 16ème
51%
Musée des Arts et Métiers 3ème
48%
Jardin des Plantes 5ème
48%
Assemblée Nationale 7ème
43%
Opéra Garnier 9ème
43%
Place des Vosges 4ème
39%
Notre-Dame de Paris 4ème
36%
Hôtel de Ville 4ème
36%
Observatoire de Paris 14ème
31%
Galerie Vivienne 2ème
29%
Sainte-Chapelle 1er
28%
Gare Saint-Lazare 8ème
22%
Parc Monceau 8ème
18%
Aucun quiz correspondant
Distribution des résultats
% des personnes avec chaque résultat
Percentile par nombre de réponses
Votre historique - résultats
Vous n’avez pas pris ce quiz